000 00293nam a22001337a 4500
008 180202b xxu||||| |||| 00| 0 eng d
020 _a0683037307
041 _aeng
080 _a611
100 _a6
101 _aANA
245 _aMeasurement of Blood Flow
_cGranger, D.N
942 _2udc
_cBK
999 _c41674
_d41674